Քառյակներ : (Record no. 527268)
[ view plain ]
| 000 -LEADER | |
|---|---|
| fixed length control field | 01270nam a2200289 a 4500 |
| 001 - CONTROL NUMBER | |
| control field | 1704456 |
| 003 - CONTROL NUMBER IDENTIFIER | |
| control field | AM-YEHGA |
| 005 - DATE AND TIME OF LATEST TRANSACTION | |
| control field | 20250618080114.0 |
| 008 - FIXED-LENGTH DATA ELEMENTS--GENERAL INFORMATION | |
| fixed length control field | 200923s2019 ai ||||gr|||||||||1|arm|d |
| 020 ## - INTERNATIONAL STANDARD BOOK NUMBER | |
| International Standard Book Number | 9789939858272 |
| 040 ## - CATALOGING SOURCE | |
| Original cataloging agency | AM-YeHGA |
| 041 1# - LANGUAGE CODE | |
| Language code of text/sound track or separate title | ara |
| Language code of original | arm |
| 090 ## - LOCALLY ASSIGNED LC-TYPE CALL NUMBER (OCLC); LOCAL CALL NUMBER (RLIN) | |
| -- | 565249 |
| 100 1# - MAIN ENTRY--PERSONAL NAME | |
| Personal name | Թումանյան, Հովհաննես Թադևոսի, |
| Dates associated with a name | 1869-1923 |
| 9 (RLIN) | 1108 |
| 245 10 - TITLE STATEMENT | |
| Title | Քառյակներ : |
| Remainder of title | (արաբերեն) = الرباعيات / |
| Statement of responsibility, etc. | Թարգմանիչ՝ Հ. Միքայելյան ; Ձևավորում՝ Մ. Խաչատրյան ; Հովհ. Թումանյանի թանգարան. |
| 246 15 - VARYING FORM OF TITLE | |
| Title proper/short title | الرباعيات |
| 260 ## - PUBLICATION, DISTRIBUTION, ETC. | |
| Place of publication, distribution, etc. | Երևան : |
| Name of publisher, distributor, etc. | Հովհ. Թումանյանի թանգարան, |
| Date of publication, distribution, etc. | 2019. |
| 300 ## - PHYSICAL DESCRIPTION | |
| Extent | 99 էջ ; |
| Dimensions | 16 սմ. |
| 490 0# - SERIES STATEMENT | |
| Series statement | Արևելք-արևմուտք մատենաշար. |
| 500 ## - GENERAL NOTE | |
| General note | Մշակված է լրացուցիչ տիտղոսաթերթից : |
| 546 ## - LANGUAGE NOTE | |
| Language note | Բնագիրը՝ զուգահեռ հայերեն և արաբերեն: |
| 650 14 - SUBJECT ADDED ENTRY--TOPICAL TERM | |
| Topical term or geographic name entry element | Հայ պոեզիա |
| 700 1# - ADDED ENTRY--PERSONAL NAME | |
| Personal name | Միքայելյան. Հակոբ |
| Relator term | թարգմ. |
| Relationship | trl |
| 700 1# - ADDED ENTRY--PERSONAL NAME | |
| Personal name | Խաչատրյան, Մանե |
| Relator term | ձևավորող |
| Relationship | bkd |
| 710 2# - ADDED ENTRY--CORPORATE NAME | |
| Corporate name or jurisdiction name as entry element | Հովհ. Թումանյանի թանգարան |
| 942 ## - ADDED ENTRY ELEMENTS (KOHA) | |
| Source of classification or shelving scheme | Universal Decimal Classification |
| Koha item type | Գրքեր / Books |
| Withdrawn status | Lost status | Source of classification or shelving scheme | Damaged status | Not for loan | Collection | Home library | Current library | Date acquired | Total checkouts | Full call number | Barcode | Date last seen | Price effective from | Koha item type | Public note |
|---|---|---|---|---|---|---|---|---|---|---|---|---|---|---|---|
| Universal Decimal Classification | General | Fundamental Scientific Library | Fundamental Scientific Library | 06/03/2023 | AI/21650 | FL0678422 | 06/03/2023 | 06/03/2023 | Գրքեր / Books | 30 Days Loan |
ՀՀ Գիտությունների ազգային ակադեմիայի հիմնարար գիտական գրադարան = Fundamental Scientific Library of NAS RA
All site content, except where otherwise noted, is licensed under a